000 00741nam a2200205Ii 4500
003 JO-AjNU
008 230605s9999||||xx |||||||||||||| ||und||
040 _aJO-AjNU
_bara
_erda
_cJO-AjNU
041 _aara
050 1 4 _aT58.6.2022
100 3 _aالعالم، فتحي احمد,
_eauthor
_964211
245 0 0 _aتأسيس وتطوير نظم المعلومات
250 _aط1
264 3 1 _aعمان: دار اليازوري العلمية للنشر والتوزيع، 2022
300 _a182ص
_bيحتوي على اشكال وصور توضيحية
336 _atext
_btxt
_2rdacontent
337 _aunmediated
_bn
_2rdamedia
338 _avolume
_bnc
_2rdacarrier
650 4 _aنظم المعلومات-تطوير-تاسيس
_964212
999 _aA29169
_c32737
_d32737